00563nam a2200145Ia 4500008004100000020002200041041000800063082002400071100002300095245004700118260003700165300000900202999001900211952018700230230411s9999 xx 000 0 und d a978-93-86261-07-6 aeng aPH/615.6/CHA/B09277 aChattri GL9180031 aNursing Drug Dosages and their Calculation bJaypee BrothersaNew Delhic2017 a241p c158457d158457 001040738PHaBTINbBTINd2019-12-23eJaypee Brothers Medical Publishersg350.00i1/19-00097oPH 615.6 CHA B09277pBTIN-BK-9277r2023-04-11 00:00:00v238.00w2019-12-19yBKzB09277